| 000 | 01625nam a2200265Ia 4500 | ||
|---|---|---|---|
| 999 |
_c40032 _d40032 |
||
| 001 | 6638 | ||
| 003 | GE_BSU | ||
| 005 | 20191209123525.0 | ||
| 008 | 181216s2009||||ge |||||||||||||| ||geo|| | ||
| 020 | _a9789941409455 | ||
| 040 | _cGE_BSU | ||
| 041 | _ageo | ||
| 080 | _a913(100) გ-30 | ||
| 100 |
_aგელოვანი, გაბრიელ _95729 |
||
| 245 |
_aღეოღრაფია ანუ მოკლედ ქვეყნის სიმრგულისათვის აღწერა / _cგაბრიელ გელოვანი ; ტექსტი გამოსაც. მოამზადა, გამოკვლევა, ლექსიკონი და საძიებლები დაურთო მზია ხახუტაიშვილმა ; რედ. მზექალა შანიძე. |
||
| 264 |
_aბათუმი : _bშოთა რუსთაველის სახ. უნ-ტი, _c2009. |
||
| 300 |
_a151 გვ.; _b30 სმ. |
||
| 504 | _aბიბლიოგრ. და შემოკლებანი: გვ. 144-148. | ||
| 520 | _a რეზ. რუს. და ინგლ. | ||
| 653 | _aმსოფლიო გეოგრაფია | ||
| 700 |
_aხახუტაიშვილი, მზია _eრედაქტორი _94742 |
||
| 700 |
_aშანიძე, მზექალა _eრედაქტორი _95730 |
||
| 710 |
_aშოთა რუსთაველის სახელმწ. უნ-ტი _bქართ. ფილოლ. დეპარტამენტი _95731 |
||
| 942 |
_cBK _2udc |
||